[Event "SR 3. liga A2 2006/2007"]
[Site "?"]
[Date "2006.10.22"]
[Round "2"]
[White "Smrek, Peter"]
[Black "Bahna, Jan"]
[Result "0-1"]
[WhiteElo "1964"]
[BlackElo "1978"]
[Annotator "Trnava C - Vrbové  /4/"]
[PlyCount "66"]
[EventDate "2006.??.??"]

1. e4 e5 2. Nf3 Nc6 3. Nc3 Be7 4. d4 exd4 5. Nxd4 d6 6. Bb5 Bd7 7. O-O Nf6 8.
Re1 a6 9. Nxc6 bxc6 10. Bd3 O-O 11. b3 Ng4 12. Bb2 Bh4 13. g3 Bf6 14. f4 Bd4+
15. Kg2 Ne3+ 16. Rxe3 Bxe3 17. Qe2 Bd4 18. Bxa6 Kh8 19. Rd1 c5 20. a4 Bc6 21.
Kf1 Re8 22. Bd3 f5 23. Rb1 fxe4 24. Bb5 Qd7 25. Bxc6 Qxc6 26. Nb5 Bxb2 27. Rxb2
e3 28. Ke1 Qh1+ 29. Qf1 Qxh2 30. Qe2 Qxg3+ 31. Kd1 Qg1+ 32. Qe1 e2+ 33. Kd2
Qe3# 0-1

[Event "SR 3. liga A2 2006/2007"]
[Site "?"]
[Date "2006.10.22"]
[Round "2"]
[White "Klanica, Anton"]
[Black "Lanyi, Frantisek"]
[Result "1/2-1/2"]
[WhiteElo "1927"]
[BlackElo "1629"]
[Annotator "Trnava C - Vrbové  /5/"]
[PlyCount "92"]
[EventDate "2006.??.??"]

1. e4 e5 2. Nf3 Nc6 3. Bb5 d6 4. d4 exd4 5. Bxc6+ bxc6 6. Nxd4 Bd7 7. O-O Be7
8. Be3 Nf6 9. Nc3 c5 10. Nf3 Bg4 11. h3 Bh5 12. Qe2 O-O 13. g4 Bg6 14. Nd2 c6
15. Bg5 Rb8 16. Rab1 h6 17. Bf4 Nd7 18. Rfe1 Nb6 19. Nf1 Rb7 20. Ng3 Bg5 21.
Bxg5 Qxg5 22. b3 Re8 23. Qf3 Rbe7 24. Kf1 Nd7 25. Nf5 Bxf5 26. exf5 Rxe1+ 27.
Rxe1 Rxe1+ 28. Kxe1 Ne5 29. Qe3 Qxe3+ 30. fxe3 d5 31. Na4 c4 32. Ke2 Kf8 33.
Nb2 cxb3 34. axb3 Ke7 35. Nd3 Kd6 36. Nf4 g6 37. fxg6 fxg6 38. Kd2 g5 39. Nh5
c5 40. Ng7 Nf7 41. Ke2 a5 42. Nf5+ Ke5 43. Ne7 Kd6 44. Nf5+ Ke6 45. Ng7+ Ke5
46. Nf5 Ke4 1/2-1/2

[Event "SR 3. liga A2 2006/2007"]
[Site "?"]
[Date "2006.10.22"]
[Round "2"]
[White "Podjavorinsky, Peter"]
[Black "Jurik, Michal"]
[Result "0-1"]
[WhiteElo "1704"]
[BlackElo "1915"]
[Annotator "Trnava C - Vrbové  /6/"]
[PlyCount "118"]
[EventDate "2006.??.??"]

1. e4 c5 2. Nf3 g6 3. d4 cxd4 4. Nxd4 Nc6 5. Be3 Bg7 6. c3 Nf6 7. Nxc6 bxc6 8.
Qa4 O-O 9. Be2 a5 10. O-O Ba6 11. Bxa6 Rxa6 12. f3 Qc7 13. Nd2 Rb8 14. Rab1
Raa8 15. h3 Qg3 16. Bf2 Qf4 17. Rfd1 Nh5 18. Nf1 Qc7 19. Bh4 e6 20. Qc2 d5 21.
exd5 cxd5 22. Kh1 Qf4 23. Qf2 Qc4 24. a3 a4 25. Ne3 Qc7 26. Nf1 Rb7 27. Ng3 Nf4
28. Ne2 Nxe2 29. Qxe2 Rab8 30. Rdc1 Bf8 31. c4 Qf4 32. Qf2 Rxb2 33. Bg3 Qxc1+
34. Rxc1 Rxf2 35. Bxb8 Bxa3 36. Ra1 Rb2 37. Rxa3 $11 Rxb8 38. cxd5 exd5 39.
Rxa4 Kg7 40. g4 Rc8 41. Rd4 Rd8 42. Kg2 g5 43. Kg3 Kf6 44. f4 h6 45. h4 Rd7 46.
hxg5+ hxg5 47. fxg5+ Kxg5 48. Kf3 Kf6 49. Kf4 Ke6 50. Rd1 Kd6 51. Kf5 Kc5 52.
g5 Kc4 53. g6 fxg6+ 54. Kxg6 d4 55. Kf6 d3 56. Ke6 Rd8 57. Ke7 Rd4 58. Rc1+ Kb3
59. Ke6 d2 0-1

[Event "SR 3. liga A2 2006/2007"]
[Site "?"]
[Date "2006.10.22"]
[Round "2"]
[White "Steinecker, Frantisek"]
[Black "Lajda, Dusan"]
[Result "0-1"]
[WhiteElo "1723"]
[BlackElo "1737"]
[Annotator "Trnava C - Vrbové  /7/"]
[PlyCount "157"]
[EventDate "2006.??.??"]

1. e4 c5 2. Nf3 Nc6 3. Bc4 d6 4. c3 Nf6 5. d3 g6 6. Bg5 Bg7 7. Na3 O-O 8. Qd2
a6 9. O-O b5 10. Bd5 Bb7 11. Bh6 e6 12. Bxc6 Bxc6 13. Bg5 Qc7 14. Nc2 c4 15.
Nb4 Bb7 16. Rad1 cxd3 17. Bxf6 Bxf6 18. Qxd3 Rfd8 19. Qe3 a5 20. Nc2 Qc4 21.
Qf4 Be7 22. Na3 Qc5 23. e5 Bxf3 24. Qxf3 Rab8 25. exd6 Bxd6 26. h4 b4 27. Nb1
bxc3 28. Nxc3 Qe5 29. g3 Rxb2 30. Ne4 Rbb8 31. h5 Be7 32. h6 f5 33. Nc3 Bb4 34.
Ne2 g5 35. Qh5 Qf6 36. Rc1 Qg6 37. Qxg6+ hxg6 38. Rc7 Bf8 39. h7+ Kh8 40. Kg2
Rdc8 41. Rxc8 Rxc8 42. Nd4 e5 43. Ne6 Kxh7 44. Nxg5+ Kg7 45. Rb1 Bb4 46. a3
Bxa3 47. Rb7+ Kf6 48. f4 exf4 49. gxf4 Be7 50. Nh7+ Ke6 51. Rb6+ Kd5 52. Rb7
Rc2+ 53. Kf3 Rc3+ 54. Ke2 Bh4 55. Nf8 a4 56. Nxg6 Bf6 57. Nf8 a3 58. Nd7 Bd4
59. Rb5+ Kc6 60. Rb4 Kxd7 61. Rxd4+ Kc6 62. Kd2 a2 63. Ra4 Rh3 64. Kc1 a1=Q+
65. Rxa1 Rh1+ 66. Kb2 Rxa1 67. Kxa1 Kd5 68. Kb1 Ke4 69. Kc1 Kxf4 70. Kd1 Kg3
71. Ke1 Kg2 72. Kd2 f4 73. Ke2 f3+ 74. Kd3 f2 75. Ke4 f1=Q 76. Kd4 Qe2 77. Kd5
Kf2 78. Kd4 Qe3+ 79. Kd5 0-1

[Event "SR 3. liga A2 2006/2007"]
[Site "?"]
[Date "2006.10.22"]
[Round "2"]
[White "Bjel, Jan"]
[Black "Herega, Jozef"]
[Result "0-1"]
[WhiteElo "1350"]
[BlackElo "1892"]
[Annotator "Trnava C - Vrbové  /8/"]
[PlyCount "84"]
[EventDate "2006.??.??"]

1. e4 c5 2. Nf3 d6 3. d4 cxd4 4. Nxd4 Nf6 5. Nc3 a6 6. Bd3 e6 7. O-O Be7 8. b3
O-O 9. Bb2 Nbd7 10. Re1 Qc7 11. Qd2 b5 12. a3 Bb7 13. Nf3 Rac8 14. a4 b4 15.
Na2 a5 16. c3 Nc5 17. Qc2 Nxd3 18. Qxd3 Bxe4 19. Rxe4 Nxe4 20. Qxe4 Bf6 21. Rc1
d5 22. Qe2 bxc3 23. Bxc3 Qf4 24. Bd2 Qf5 25. Rxc8 Rxc8 26. Qd1 Rc2 27. Nc1 Bb2
28. Ne1 Rc6 29. Ncd3 Bc3 30. Qc1 d4 31. Bxc3 $11 Rxc3 32. Qd1 e5 33. f3 Qe6 34.
Nc1 f5 35. Qd2 Qd5 36. Kf2 e4 37. fxe4 fxe4 38. Kf1 Qf5+ 39. Kg1 e3 40. Qa2
Rxc1 41. Qe2 Qe4 42. Kf1 d3 0-1

[Event "SR 3. liga A2 2006/2007"]
[Site "?"]
[Date "2006.10.22"]
[Round "2"]
[White "Vertetics, Attila"]
[Black "Cechovic, Stefan"]
[Result "1-0"]
[WhiteElo "2245"]
[BlackElo "2197"]
[Annotator "Velký Meder - Cífer  /1/"]
[PlyCount "101"]
[EventDate "2006.??.??"]

1. d4 d5 2. Nf3 Nf6 3. c4 e6 4. Nc3 Be7 5. Bg5 O-O 6. e3 Nbd7 7. Rc1 c6 8. Qc2
Re8 9. Bd3 dxc4 10. Bxc4 Nd5 11. Bxe7 Qxe7 12. O-O h6 13. Rfd1 b6 14. Nxd5 exd5
15. Bd3 Bb7 16. Bh7+ Kh8 17. Bf5 g6 18. Bxd7 Qxd7 19. Ne5 Qe6 20. b4 Rac8 21.
Qa4 a6 22. Qb3 Kg7 23. a4 Re7 24. Nd3 Qd6 25. a5 b5 26. Qc3 Rcc7 27. Nc5 Bc8
28. Rd2 f6 29. Re1 h5 30. f3 h4 31. e4 Qf4 32. Rde2 Qg5 33. Rf2 h3 34. f4 Qh5
35. e5 f5 36. Qxh3 Qxh3 37. gxh3 Kh6 38. Rg2 Rg7 39. Rg5 Rce7 40. Re3 Re8 41.
Reg3 Ree7 42. h4 Ref7 43. Kg2 Re7 44. Kh3 Kh7 45. h5 gxh5 46. Rxg7+ Rxg7 47.
Rxg7+ Kxg7 48. Kh4 Kg6 49. e6 Kf6 50. Kxh5 Bxe6 51. Nxa6 1-0

[Event "SR 3. liga A2 2006/2007"]
[Site "?"]
[Date "2006.10.26"]
[Round "2"]
[White "Liptak, Tomas"]
[Black "Ress, Tamas"]
[Result "0-1"]
[WhiteElo "1970"]
[BlackElo "2147"]
[Annotator "Velký Meder - Cífer  /2/"]
[PlyCount "80"]
[EventDate "2006.??.??"]

1. e4 c5 2. Nf3 a6 3. d4 cxd4 4. Nxd4 Nf6 5. Nc3 e5 6. Nb3 Bb4 7. Bg5 Qc7 8.
Qd3 d6 9. Be2 Be6 10. Bxf6 gxf6 11. O-O Bxc3 12. bxc3 Nd7 13. Rad1 Rc8 14. Qxd6
Qxd6 15. Rxd6 Rxc3 16. Rd2 Ke7 17. f4 Rhc8 18. Bd1 Re3 19. Bf3 Bxb3 20. axb3
Nc5 21. Kf2 Rc3 22. Re1 Ne6 23. fxe5 fxe5 24. Bd1 Nd4 25. Re3 R3c6 26. c4 Rd8
27. Rh3 h6 28. Rhd3 Rb6 29. Ke3 Rg8 30. Rf2 Rbg6 31. g3 Rd6 32. Bh5 f6 33. Ra2
Rgd8 34. Rc3 Rb6 35. Rb2 Rb4 36. Be2 a5 37. Ra2 Nxb3 38. Ra3 a4 39. Bf3 Nc5 40.
Be2 Rd4 0-1

[Event "SR 3. liga A2 2006/2007"]
[Site "?"]
[Date "2006.10.22"]
[Round "2"]
[White "Ivan, Imrich ml"]
[Black "Vlkovic, Pavol"]
[Result "0-1"]
[WhiteElo "2034"]
[BlackElo "1924"]
[Annotator "Velký Meder - Cífer  /3/"]
[PlyCount "62"]
[EventDate "2006.??.??"]

1. c4 e6 2. Nc3 f5 3. g3 Nf6 4. Bg2 d5 5. cxd5 exd5 6. e3 c6 7. Nge2 Be7 8. O-O
O-O 9. b3 Na6 10. Bb2 Nc5 11. d3 Qe8 12. b4 Ne6 13. Qb3 Bd7 14. a4 Kh8 15. Rae1
Nh5 16. e4 dxe4 17. dxe4 f4 18. Bh3 Ng5 19. Bxd7 Qxd7 20. Kh1 Nf3 21. Ng1 Nxe1
22. Rxe1 fxg3 23. fxg3 Rf2 24. Nd1 Qd2 25. Nxf2 Qxe1 26. Kg2 Qxb4 27. Qe6 Bc5
28. Be5 Bxf2 29. Kxf2 Rf8+ 30. Kg2 Qxe4+ 31. Kh3 Qf5+ 0-1

[Event "SR 3. liga A2 2006/2007"]
[Site "?"]
[Date "2006.10.22"]
[Round "2"]
[White "Hrusovsky, Jan"]
[Black "Csefalvay, Stefan"]
[Result "0-1"]
[WhiteElo "1767"]
[BlackElo "1957"]
[Annotator "Velký Meder - Cífer  /4/"]
[PlyCount "82"]
[EventDate "2006.??.??"]

1. e4 c5 2. Nf3 Nc6 3. Bc4 g6 4. Ng5 e6 5. d3 Bg7 6. O-O Nge7 7. Nc3 O-O 8. a3
a6 9. a4 Nd4 10. Nf3 d5 11. Bb3 Nxb3 12. cxb3 d4 13. Nb1 Bd7 14. Nbd2 b5 15.
axb5 axb5 16. Rxa8 Qxa8 17. Qc2 Rc8 18. Qd1 Qa2 19. Ng5 h6 20. Nh3 e5 21. g4 h5
22. f3 Nc6 23. Nf2 hxg4 24. fxg4 Be6 25. g5 Qa6 26. Ng4 Bxg4 27. Qxg4 Nb4 28.
Qf3 Qe6 29. Rf2 Ra8 30. Rf1 Ra1 31. Nc4 bxc4 32. bxc4 Qd7 33. h4 Na2 34. Bd2
Rxf1+ 35. Kxf1 Qb7 36. h5 Qxb2 37. hxg6 fxg6 38. Qg4 Qb7 39. Ke1 Kf7 40. Qh3
Nc3 41. Qg4 Ke7 0-1

[Event "SR 3. liga A2 2006/2007"]
[Site "?"]
[Date "2006.10.22"]
[Round "2"]
[White "Szitasi, Janos"]
[Black "Liptak, Dusan"]
[Result "1/2-1/2"]
[WhiteElo "1996"]
[BlackElo "1708"]
[Annotator "Velký Meder - Cífer  /5/"]
[PlyCount "91"]
[EventDate "2006.??.??"]

1. e4 c5 2. Nf3 d6 3. d4 cxd4 4. Nxd4 Nf6 5. Nc3 a6 6. Be2 e5 7. Nb3 Be6 8. O-O
Be7 9. Be3 Nbd7 10. f4 Qc7 11. Nd2 exf4 12. Rxf4 Ne5 13. h3 O-O 14. Rf1 b5 15.
a3 Nc4 16. Nxc4 Bxc4 17. Bxc4 Qxc4 18. Qd4 Rfc8 19. Rad1 Rc6 20. Qxc4 Rxc4 21.
Bd4 b4 22. axb4 Rxb4 23. Bxf6 Bxf6 24. Nd5 Rxb2 25. Nxf6+ gxf6 26. Rxd6 Rxc2
27. Rdxf6 Ra7 28. Ra1 a5 29. Ra4 Rc5 30. Rf5 Rxf5 31. exf5 Kf8 32. Kf2 Ke7 33.
Ke3 Kd6 34. Kd4 Kc6 35. Ke5 Kb5 36. Ra1 Ra6 37. g4 a4 38. g5 Kb4 39. h4 a3 40.
h5 Kb3 41. Rh1 a2 42. Rg1 Kb2 43. Rg2+ Kb1 44. Rg1+ Kb2 45. Rg2+ Kb1 46. Rg1+
1/2-1/2

[Event "SR 3. liga A2 2006/2007"]
[Site "?"]
[Date "2006.10.22"]
[Round "2"]
[White "Cisar, Marian"]
[Black "Vizvari, Ludovit"]
[Result "0-1"]
[WhiteElo "1714"]
[BlackElo "2033"]
[Annotator "Velký Meder - Cífer  /6/"]
[PlyCount "74"]
[EventDate "2006.??.??"]

1. e4 c5 2. Nf3 e6 3. d4 cxd4 4. Nxd4 a6 5. Nc3 Qc7 6. Be2 Nf6 7. Bg5 Bb4 8.
Qd3 Nxe4 9. Bd2 Nxd2 10. Qxd2 d5 11. O-O Nd7 12. a3 Bd6 13. g3 Nf6 14. Nf3 O-O
15. Rfe1 b5 16. b4 Bb7 17. Rac1 Rac8 18. Nd1 e5 19. Nh4 Ne4 20. Qe3 f5 21. Nxf5
Rxf5 22. Bg4 Rcf8 23. Bxf5 Rxf5 24. f3 Nf6 25. Rf1 d4 26. Qd3 e4 27. Qxd4 exf3
28. Rf2 Be5 29. Qd3 Be4 30. Qb3+ Kh8 31. Ne3 Rh5 32. Nf1 Bd4 33. Ne3 Nd5 34.
Re1 Bxe3 35. Rxe3 Nxe3 36. Qxe3 Qc6 37. Qd4 Rd5 0-1

[Event "SR 3. liga A2 2006/2007"]
[Site "?"]
[Date "2006.10.22"]
[Round "2"]
[White "Ivan, Imrich st"]
[Black "Markuliak, Mario"]
[Result "1-0"]
[WhiteElo "1858"]
[BlackElo "1588"]
[Annotator "Velký Meder - Cífer  /7/"]
[PlyCount "148"]
[EventDate "2006.??.??"]

1. e4 d6 2. d4 Nf6 3. Bd3 g6 4. c4 Bg7 5. Nc3 O-O 6. h3 Nbd7 7. Nf3 b6 8. O-O
Bb7 9. Re1 e5 10. d5 c6 11. Be3 Rc8 12. b4 cxd5 13. Nxd5 Bxd5 14. cxd5 Rc7 15.
Qe2 Qb8 16. Bg5 Rfc8 17. Bd2 a5 18. Ba6 Re8 19. bxa5 bxa5 20. Bxa5 Ra7 21. Bd2
Nc5 22. Bb5 Rc8 23. Bd3 Ra3 24. Bc2 Qb2 25. Qc4 Qb7 26. Qb4 Qa8 27. Re3 Rxa2
28. Rxa2 Qxa2 29. Rc3 Qa1+ 30. Kh2 Qa7 31. Be3 Rb8 32. Bxc5 dxc5 33. Qxc5 Qxc5
34. Rxc5 Ne8 35. Rc6 Rd8 36. g4 Nd6 37. Bd3 f6 38. Nd2 Bf8 39. f3 Rb8 40. h4
Rb2 41. Rc2 Rxc2 42. Bxc2 Kg7 43. Bd3 h6 44. Ba6 Be7 45. Kg3 g5 46. h5 Kf7 47.
Kf2 Bd8 48. Ke2 Ke7 49. Nf1 Bb6 50. Kd3 Ba5 51. Ne3 Kd7 52. Kc2 Bb6 53. Ng2 Kc7
54. Ne1 Kd8 55. Nd3 Ke7 56. Nb4 Kf7 57. Nc6 Ke8 58. Kb3 Kd7 59. Kb4 Ke8 60. Bb5
Kf7 61. Nb8 Ke7 62. Na6 Kf7 63. Nc5 Ke7 64. Na4 Ba7 65. Bc6 Kd8 66. Bb5 Ke7 67.
Ba6 Ke8 68. Nc5 Ke7 69. Ne6 Bb6 70. Bb5 Kf7 71. Bc6 Ke7 72. Nc5 Kd8 73. Na6 Ke7
74. Ba4 Kd8 {Atd,atd, neviem, ako dalej!} 1-0

[Event "SR 3. liga A2 2006/2007"]
[Site "?"]
[Date "2006.10.22"]
[Round "2"]
[White "Olos, Stanislav"]
[Black "Sooky, Ladislav"]
[Result "1/2-1/2"]
[WhiteElo "1550"]
[BlackElo "1495"]
[Annotator "Velký Meder - Cífer  /8/"]
[PlyCount "40"]
[EventDate "2006.??.??"]

1. e4 c5 2. Nf3 d6 3. d4 cxd4 4. Nxd4 a6 5. Nc3 e6 6. Be3 Nf6 7. Bd3 b5 8. Nce2
Bb7 9. Ng3 Nc6 10. O-O Be7 11. a3 Rc8 12. Rc1 O-O 13. c3 Ne5 14. Bb1 Nfg4 15.
Rc2 Nxe3 16. fxe3 Bg5 17. Qe2 Nc4 18. Rf3 Bh4 19. Rc1 Bg5 20. Re1 Ne5 1/2-1/2

[Event "SR 3. liga A2 2006/2007"]
[Site "?"]
[Date "2006.11.05"]
[Round "3"]
[White "Slamena, Michal"]
[Black "Palka, Miroslav"]
[Result "0-1"]
[WhiteElo "1957"]
[BlackElo "2055"]
[Annotator "Hlohovec jun. - Senica B  /1/"]
[PlyCount "24"]
[EventDate "2006.??.??"]

1. e4 c5 2. Nc3 Nc6 3. g3 g6 4. Bg2 Bg7 5. d3 e6 6. Be3 d6 7. Qd2 Nge7 8. Nge2
Nd4 9. Nd1 Nec6 10. O-O Nxe2+ 11. Qxe2 Nd4 12. c3 Nxe2+ 0-1

[Event "SR 3. liga A2 2006/2007"]
[Site "?"]
[Date "2006.11.05"]
[Round "3"]
[White "Sebesta, Radovan"]
[Black "Hertel, Ondrej"]
[Result "1-0"]
[WhiteElo "2057"]
[BlackElo "1990"]
[Annotator "Hlohovec jun. - Senica B  /2/"]
[PlyCount "55"]
[EventDate "2006.??.??"]

1. d4 d5 2. c4 e6 3. Nc3 Nf6 4. cxd5 exd5 5. Bg5 c6 6. Qc2 Bg4 7. e3 Nbd7 8.
Be2 Bxe2 9. Ngxe2 Bd6 10. Bf4 Bxf4 11. Nxf4 O-O 12. O-O Re8 13. Nd3 Ne4 14.
Nxe4 Rxe4 15. Nc5 Nxc5 16. Qxc5 Qd7 17. b4 a6 18. a4 f5 19. Rac1 Rae8 20. g3
R8e6 21. b5 axb5 22. axb5 f4 23. exf4 Rh6 24. h4 Rxh4 25. bxc6 Qh3 26. Qxd5+
Kf8 27. Qd8+ Re8 28. Qxh4 1-0

[Event "SR 3. liga A2 2006/2007"]
[Site "?"]
[Date "2006.11.05"]
[Round "3"]
[White "Kollarik, Gorazd"]
[Black "Skapikova, Lubica"]
[Result "1/2-1/2"]
[WhiteElo "1976"]
[BlackElo "2013"]
[Annotator "Hlohovec jun. - Senica B  /3/"]
[PlyCount "28"]
[EventDate "2006.??.??"]

1. e4 e5 2. Nf3 Nc6 3. Bc4 Bc5 4. O-O Nf6 5. d3 O-O 6. Nc3 d6 7. Be3 Bb6 8. h3
Bxe3 9. fxe3 Be6 10. Bb3 Qd7 11. Ng5 Bxb3 12. axb3 h6 13. Nf3 Rac8 14. Qe2 a6
$11 1/2-1/2

[Event "SR 3. liga A2 2006/2007"]
[Site "?"]
[Date "2006.11.05"]
[Round "3"]
[White "Zisek, Jaroslav"]
[Black "Synak, Jan"]
[Result "0-1"]
[WhiteElo "1946"]
[BlackElo "1802"]
[Annotator "Hlohovec jun. - Senica B  /4/"]
[PlyCount "58"]
[EventDate "2006.??.??"]

1. c4 e5 2. Nc3 Nf6 3. g3 Bc5 4. Bg2 Nc6 5. e3 d6 6. h3 Bf5 7. d3 O-O 8. Nge2
Qd7 9. a3 h6 10. b4 Bb6 11. e4 Bh7 12. O-O Nd4 13. Be3 a5 14. Rb1 axb4 15. axb4
c6 16. Kh2 Nxe2 17. Qxe2 Bd4 18. Qb2 d5 19. cxd5 cxd5 20. Bxd4 exd4 21. Nxd5
Nxd5 22. exd5 Bxd3 23. Rfd1 Bxb1 24. Qxb1 Qd6 25. Rxd4 Rfe8 26. Qb2 Re5 27. f4
Re3 28. Qd2 Raa3 29. g4 g5 0-1

[Event "SR 3. liga A2 2006/2007"]
[Site "?"]
[Date "2006.11.05"]
[Round "3"]
[White "Racik, Marek"]
[Black "Sipkovsky, Ivan"]
[Result "1/2-1/2"]
[WhiteElo "1901"]
[BlackElo "1901"]
[Annotator "Hlohovec jun. - Senica B  /5/"]
[PlyCount "42"]
[EventDate "2006.??.??"]

1. Nf3 d5 2. c4 c6 3. b3 Nf6 4. Bb2 g6 5. g3 Bg7 6. Bg2 O-O 7. O-O dxc4 8. bxc4
Qb6 9. Qb3 Bg4 10. h3 Bxf3 11. Bxf3 Nbd7 12. d3 e5 13. Nd2 Rfe8 14. Rab1 Qxb3
15. axb3 Nb6 16. Bg2 Nh5 17. Ne4 Rab8 18. Nc5 Re7 19. Ba3 Rc7 20. Ne4 Rd7 21.
h4 h6 1/2-1/2

[Event "SR 3. liga A2 2006/2007"]
[Site "?"]
[Date "2006.11.05"]
[Round "3"]
[White "Palka, Martin"]
[Black "Barca, Michal"]
[Result "1-0"]
[WhiteElo "1901"]
[BlackElo "1807"]
[Annotator "Hlohovec jun. - Senica B  /6/"]
[PlyCount "63"]
[EventDate "2006.??.??"]

1. e4 c5 2. Nf3 d6 3. d4 cxd4 4. Nxd4 Nf6 5. Nc3 g6 6. Be3 Bg7 7. f3 O-O 8. Qd2
Nc6 9. O-O-O Bd7 10. Kb1 Rc8 11. g4 a6 12. h4 h5 13. gxh5 Nxh5 14. Nxc6 Rxc6
15. Bd4 Nf6 16. h5 Nxh5 17. Bxg7 Kxg7 18. Rxh5 Rh8 19. Rxh8 Qxh8 20. Qd4+ f6
21. Bd3 Qh3 22. Qf2 Rc8 23. Rg1 Rh8 24. e5 g5 25. exf6+ exf6 26. a3 Be6 27. b3
Rc8 28. Qd4 Qh2 29. Ne4 Qe5 30. Qxd6 Qxd6 31. Nxd6 Rb8 32. Nxb7 1-0

[Event "SR 3. liga A2 2006/2007"]
[Site "?"]
[Date "2006.11.05"]
[Round "3"]
[White "Slamka, Michal"]
[Black "Fidericky, Milan"]
[Result "1/2-1/2"]
[WhiteElo "1681"]
[BlackElo "1888"]
[Annotator "Hlohovec jun. - Senica B  /7/"]
[PlyCount "56"]
[EventDate "2006.??.??"]

1. e4 c5 2. Nf3 Nc6 3. d4 cxd4 4. Nxd4 e6 5. Nb5 Nf6 6. N1c3 a6 7. Nd6+ Bxd6 8.
Qxd6 Qe7 9. e5 Qxd6 10. exd6 O-O 11. Bg5 b6 12. f3 Rb8 13. O-O-O b5 14. h4 Nb4
15. Bd3 Bb7 16. a3 Nxd3+ 17. Rxd3 Rfc8 18. Re1 Rc4 19. b3 Rc6 20. Ne4 Nd5 21.
Be7 Rbc8 22. Re2 Nf4 23. Rdd2 Nxe2+ 24. Rxe2 f5 25. Nf2 Rc3 26. Kb2 h6 27. Nd3
Kf7 28. b4 Ke8 1/2-1/2

[Event "SR 3. liga A2 2006/2007"]
[Site "?"]
[Date "2006.11.05"]
[Round "3"]
[White "Havlicek, Peter"]
[Black "Marhula, Milan"]
[Result "1-0"]
[WhiteElo "1715"]
[BlackElo "1551"]
[Annotator "Hlohovec jun. - Senica B  /8/"]
[PlyCount "93"]
[EventDate "2006.??.??"]

1. e4 e5 2. Nf3 Nc6 3. c3 Nf6 4. d3 Be7 5. Be2 O-O 6. O-O d6 7. h3 h6 8. Be3 b6
9. Nbd2 Bb7 10. Nh2 Nh7 11. f4 exf4 12. Bxf4 Bg5 13. Nc4 Bxf4 14. Rxf4 Ne5 15.
Ne3 Ng6 16. Rf2 Rb8 17. Qd2 d5 18. Nxd5 Bxd5 19. exd5 Qxd5 20. d4 Nf6 21. Bf3
Qd6 22. Re1 Rbe8 23. Rfe2 Rxe2 24. Rxe2 Re8 25. Rxe8+ Nxe8 26. Qe3 Qe7 27. Kf2
Nd6 28. Qxe7 Nxe7 29. b3 f6 30. Ke3 g5 31. Ng4 Kg7 32. c4 Nef5+ 33. Kd3 h5 34.
Ne3 Nxe3 35. Kxe3 h4 36. c5 Nb5 37. a4 Nc3 38. Kd3 Na2 39. Kc4 a6 40. Bb7 a5
41. cxb6 cxb6 42. Kb5 Nc1 43. Bd5 Ne2 44. Kxb6 Nxd4 45. Kxa5 Kf8 46. Kb6 Ke8
47. a5 1-0

[Event "SR 3. liga A2 2006/2007"]
[Site "?"]
[Date "2006.11.05"]
[Round "3"]
[White "Mihalik, Anton"]
[Black "Provaznik, Michal"]
[Result "0-1"]
[WhiteElo "1994"]
[BlackElo "2176"]
[Annotator "Piestany B - Holíc  /1/"]
[PlyCount "100"]
[EventDate "2006.??.??"]

1. c4 e5 2. Nc3 Bb4 3. Qc2 Nf6 4. e3 O-O 5. Nf3 Nc6 6. a3 Bxc3 7. bxc3 d6 8. d4
e4 9. Nd2 Re8 10. Be2 Bf5 11. Nf1 Ne7 12. Ng3 Qd7 13. Nxf5 Nxf5 14. O-O Nh4 15.
Qd1 Qf5 16. Kh1 Re6 17. Bd2 Qg5 18. Rg1 h5 19. f4 Qh6 20. d5 Ree8 21. g3 Nf5
22. Kg2 Qg6 23. Kf2 Ng4+ 24. Bxg4 hxg4 25. Qf1 c6 26. Rd1 Ne7 27. Bc1 Qf5 28.
dxc6 Nxc6 29. Rd5 Qf6 30. Bb2 Ne5 31. Qe2 Rac8 32. c5 Nd3+ 33. Kg2 Rxc5 34. Rd4
Qe6 35. Ba1 Rec8 36. Rb1 b5 37. Kg1 a6 38. Qg2 Rc4 39. Qd2 Rxd4 40. cxd4 Qc4
41. Qa5 Qc2 42. Rf1 Qe2 43. Bc3 Qxe3+ 44. Kg2 Qe2+ 45. Kg1 Qc2 46. Bd2 Qc6 47.
Be3 Qc3 48. Qxa6 Ne1 49. Bf2 Nc2 50. Qxd6 e3 0-1

[Event "SR 3. liga A2 2006/2007"]
[Site "?"]
[Date "2006.11.05"]
[Round "3"]
[White "Horak, Ivan"]
[Black "Curidlo, Jan"]
[Result "0-1"]
[WhiteElo "2127"]
[BlackElo "2084"]
[Annotator "Piestany B - Holíc  /2/"]
[PlyCount "141"]
[EventDate "2006.??.??"]

1. e4 c5 2. Nc3 d6 3. Nge2 Nf6 4. d4 cxd4 5. Nxd4 a6 6. f3 e6 7. Be3 b5 8. Qd2
Bb7 9. O-O-O Be7 10. g4 Nc6 11. Kb1 Rc8 12. h4 Ne5 13. h5 h6 14. a3 Qc7 15. g5
hxg5 16. Bxg5 Nc4 17. Bxc4 Qxc4 18. h6 gxh6 19. e5 Nd5 20. Nxd5 Bxd5 21. b3 Qc5
22. Bxe7 Kxe7 23. exd6+ Qxd6 24. Nf5+ exf5 25. Rhe1+ Kf8 26. Qxd5 Qxd5 27. Rxd5
h5 28. Rxf5 h4 29. Rh1 h3 30. Rh2 Rc6 31. Rd5 Kg7 32. f4 Rg6 33. Rd3 Rgh6 34.
Kc1 Kf6 35. Kd2 Kf5 36. Ke3 Kg4 37. Kf2 f5 38. c3 Kxf4 39. Rd4+ Ke5 40. Kf3 Rc8
41. Rd3 Rc7 42. Re2+ Kf6 43. Kf4 Rh4+ 44. Kg3 Rch7 45. Kh2 Kg5 46. Ree3 f4 47.
Rd5+ Kg4 48. Re1 R4h5 49. Rg1+ Kf3 50. Rd3+ Ke4 51. Rd4+ Kf5 52. Rf1 Rh4 53. c4
bxc4 54. Rxc4 Rd7 55. Rf3 Rd2+ 56. Kh1 h2 57. Rf1 Rd3 58. Ra4 Rxb3 59. Rxa6 Ke4
60. Re6+ Kd5 61. Ra6 Re3 62. a4 f3 63. a5 Ke4 64. Rb6 Kd3 65. Rb2 Ra4 66. Rbf2
Ke4 67. Rxh2 Rxa5 68. Rh4+ Kd3 69. Kh2 Ra2+ 70. Kg3 Ke2 71. Rhh1 0-1

[Event "SR 3. liga A2 2006/2007"]
[Site "?"]
[Date "2006.11.05"]
[Round "3"]
[White "Slaby, Jozef"]
[Black "Kovarik, Oto"]
[Result "1/2-1/2"]
[WhiteElo "1781"]
[BlackElo "2050"]
[Annotator "Piestany B - Holíc  /3/"]
[PlyCount "138"]
[EventDate "2006.??.??"]

1. d4 d5 2. c4 e6 3. Nc3 Be7 4. Nf3 Nf6 5. e3 O-O 6. Be2 dxc4 7. Bxc4 c5 8. O-O
Nc6 9. b3 a6 10. Bb2 b5 11. Be2 Qb6 12. dxc5 Bxc5 13. a3 Bb7 14. Qc2 Rac8 15.
b4 Bd6 16. Qb3 Ne5 17. Nxe5 Bxe5 18. Rac1 Qd6 19. f4 Bxc3 20. Bxc3 Ne4 21. Rfd1
Bd5 22. Qb2 Nxc3 23. Rxc3 Qb6 24. Rdc1 Qb7 25. Bd3 Rxc3 26. Rxc3 $11 f5 27. Qc2
Qe7 28. Rc7 Qf6 29. Qc3 Qxc3 30. Rxc3 Kf7 31. Kf2 Kf6 32. Rc7 Rd8 33. Be2 $11
Be4 34. Ra7 Rd2 35. Ke1 Rd6 36. Kf2 h6 37. h4 g6 38. Bf3 Bxf3 39. Kxf3 e5 40.
g3 e4+ 41. Ke2 h5 42. Rc7 Ke6 43. Rc3 Kd7 44. Rb3 $11 Kc6 45. Rc3+ Kb6 46. Rb3
Rc6 47. Kd2 a5 48. Rc3 Rd6+ 49. Kc2 Rd8 50. Kb3 Rd1 51. Rc8 Rg1 52. bxa5+ Kxa5
53. Ra8+ Kb6 54. Rb8+ Ka6 55. Ra8+ Kb7 56. Rg8 Rxg3 57. Kb4 Kc6 58. Rc8+ Kd6
59. Rc3 Rg1 60. Kxb5 Rb1+ 61. Kc4 Kc6 62. Kd4+ Kb5 63. Ke5 Rd1 64. Kf6 Rd3 65.
Rc8 Rd6+ 66. Kg5 Ra6 67. Rg8 Kc4 68. Rd8 Kc3 69. a4 Kc4 1/2-1/2

[Event "SR 3. liga A2 2006/2007"]
[Site "?"]
[Date "2006.11.05"]
[Round "3"]
[White "Sefcik, Marek"]
[Black "Moravcik, Marian"]
[Result "1/2-1/2"]
[WhiteElo "1974"]
[BlackElo "1991"]
[Annotator "Piestany B - Holíc  /4/"]
[PlyCount "80"]
[EventDate "2006.??.??"]

1. a3 Nf6 2. Nc3 c5 3. e4 d6 4. f4 Nbd7 5. Nf3 e6 6. Be2 a6 7. O-O Qc7 8. d3
Be7 9. Qe1 b6 10. Ng5 h6 11. Nh3 Bb7 12. f5 e5 13. Bf3 O-O-O 14. Be3 g5 15.
fxg6 fxg6 16. Nd5 Nxd5 17. exd5 Nf6 18. c4 Kb8 19. Nf2 Bc8 20. b4 g5 21. bxc5
dxc5 22. Ne4 Nxe4 23. Bxe4 Rdf8 24. Rb1 Rxf1+ 25. Kxf1 Rf8+ 26. Kg1 Ka7 27. Qe2
Qd6 28. Rf1 Rxf1+ 29. Qxf1 Qf6 30. Qxf6 Bxf6 31. Kf2 Kb8 32. Bg6 Kc7 33. Kf3
Kd6 34. Ke4 Bg4 35. Bf5 Be2 36. Bc8 a5 37. h4 Bf1 38. Bh3 Be7 39. Bd2 Bf6 40.
h5 Bg7 $11 1/2-1/2